000 00618nam a22001817a 4500
003 BUBTL
008 190303b xxu||||| |||| 00| 0 eng d
020 _a984-70133-0379-4
082 _a891.443 / AHM
100 _91693
_aআহমেদ, হুমায়ূন
245 _aমিসির আলি UNSOLVED /
_cহুমায়ূন আহমেদ
260 _aঢাকা :
_bকাকলী প্রকাশনী,
_cc2009
300 _a94 p. :
_c23 cm.
650 0 _91689
_aবাংলা সাহিত্য
856 _k0
_l0
_yDownload
942 _2ddc
_cBK
999 _c5889
_d5889